| 000 | 00625nam a2200217 a 4500 | ||
|---|---|---|---|
| 005 | 20240910064202.0 | ||
| 008 | 020122s1995 r 000 0 eng d | ||
| 020 | _a848160261 | ||
| 035 | _aUPN01000114888 | ||
| 049 | _aCG | ||
| 050 | 4 |
_aBD450 _bG3.4 |
|
| 100 | 1 | _aGarcía Martín, Gabriel | |
| 245 | 1 | 0 |
_aFilosofía de la vida : _bcompetitividad y solidaridad humanas / _cGabriel García Martín. |
| 260 |
_aMálaga, Esp. : _bAgora, _c1995. |
||
| 300 | _a212 p. | ||
| 440 | 0 | _aUniversidad | |
| 650 | 4 |
_aAntropología filosófica _94784 |
|
| 650 | 7 |
_aOntología _2 _913636 |
|
| 650 | 4 |
_aFilosofía _95327 |
|
| 905 | _aLibro | ||
| 999 |
_c88635 _d88635 |
||